Regulácia auditu v EÚ a na Slovensku
Aktuálne informácie o audite účtovných závierok a audítorstve. Informácie o európskej i národnej úprave auditu. Komparatívna analýza smerovania auditu ako profesie ale aj ako špecifickej odbornej činnosti, ktorú audítori účtovných závierok vykonávajú.
Salvato in:
| Autore principale: | |
|---|---|
| Natura: | Capitolo di libro |
| Lingua: | slovacco |
| Soggetti: | |
| Tags: |
Nessun Tag, puoi essere il primo ad aggiungerne!!
|
MARC
| LEADER | 00000naa a2200000 4500 | ||
|---|---|---|---|
| 001 | 0214638 | ||
| 005 | 20240502073604.8 | ||
| 041 | 0 | |a slo | |
| 044 | |a SK | ||
| 245 | 1 | 0 | |a Regulácia auditu v EÚ a na Slovensku |c František Maděra |
| 520 | |a Aktuálne informácie o audite účtovných závierok a audítorstve. Informácie o európskej i národnej úprave auditu. Komparatívna analýza smerovania auditu ako profesie ale aj ako špecifickej odbornej činnosti, ktorú audítori účtovných závierok vykonávajú. | ||
| 610 | 2 | 0 | |a audit |
| 610 | 2 | 0 | |a audítori |
| 610 | 2 | 0 | |a závierka účtovná |
| 610 | 2 | 0 | |a regulácia |
| 610 | 2 | 0 | |a Európska únia |
| 610 | 2 | 0 | |a Slovensko |
| 100 | 1 | |a Maděra, František | |